<?xml version="1.0" encoding="UTF-8"?>
<record
    xmlns:xsi="http://www.w3.org/2001/XMLSchema-instance"
    xsi:schemaLocation="http://www.loc.gov/MARC21/slim http://www.loc.gov/standards/marcxml/schema/MARC21slim.xsd"
    xmlns="http://www.loc.gov/MARC21/slim">

  <leader>00962nam a2200241 a 4500</leader>
  <controlfield tag="001">55358</controlfield>
  <controlfield tag="003">BD-RjUL</controlfield>
  <controlfield tag="005">20211209080243.0</controlfield>
  <controlfield tag="008">161116s1975    bg ||||| |||| 00| 0 ben d</controlfield>
  <datafield tag="020" ind1=" " ind2=" ">
    <subfield code="c">: TK 8.00 </subfield>
  </datafield>
  <datafield tag="035" ind1=" " ind2=" ">
    <subfield code="a">(BD-RjUL)55480</subfield>
  </datafield>
  <datafield tag="040" ind1=" " ind2=" ">
    <subfield code="a">BD-RjUL</subfield>
    <subfield code="b">ben </subfield>
    <subfield code="c">BD-RjUL</subfield>
  </datafield>
  <datafield tag="041" ind1=" " ind2=" ">
    <subfield code="a">ben </subfield>
  </datafield>
  <datafield tag="082" ind1=" " ind2=" ">
    <subfield code="2">23 </subfield>
    <subfield code="a">954.924 </subfield>
    <subfield code="b">UDN 1975 </subfield>
  </datafield>
  <datafield tag="100" ind1=" " ind2=" ">
    <subfield code="a"> &#x989;&#x9A6;&#x9CD;&#x9A6;&#x9BF;&#x9A8;, &#x98F;,&#x995;&#x9C7;,&#x98F;&#x9AE;, &#x9A8;&#x9BE;&#x9B8;&#x9BF;&#x9B0; </subfield>
    <subfield code="9">164908</subfield>
  </datafield>
  <datafield tag="245" ind1="1" ind2="0">
    <subfield code="a">&#x9A8;&#x9C0;&#x9B2;&#x9AB;&#x9BE;&#x9AE;&#x9BE;&#x9B0;&#x9C0;&#x9B0; &#x987;&#x9A4;&#x9BF;&#x9B9;&#x9BE;&#x9B8; / </subfield>
    <subfield code="c">&#x98F;,&#x995;&#x9C7;,&#x98F;&#x9AE;, &#x9A8;&#x9BE;&#x9B8;&#x9BF;&#x9B0; &#x989;&#x9A6;&#x9CD;&#x9A6;&#x9BF;&#x9A8; </subfield>
  </datafield>
  <datafield tag="260" ind1=" " ind2=" ">
    <subfield code="a">&#x9A2;&#x9BE;&#x995;&#x9BE; :</subfield>
    <subfield code="b">&#x995;&#x9BE;&#x995;&#x9B2;&#x9C0; &#x9A8;&#x9BF;&#x995;&#x9C7;&#x9A4;&#x9A8;, </subfield>
    <subfield code="c">&#x9E7;&#x9EF;&#x9ED;&#x9EB; </subfield>
  </datafield>
  <datafield tag="300" ind1=" " ind2=" ">
    <subfield code="a">&#x996;&#x9A3;&#x9CD;&#x9A1;. ; </subfield>
    <subfield code="c">&#x9E8;&#x9E7; &#x9B8;&#x9C7;&#x9AE;&#x9BF; . </subfield>
  </datafield>
  <datafield tag="505" ind1="0" ind2=" ">
    <subfield code="a">&#x996;&#x9A3;&#x9CD;&#x9A1; &#x9E7;, &#x9AA;&#x9CD;&#x9B0;&#x9A5;&#x9AE; &#x993; &#x9A6;&#x9CD;&#x9AC;&#x9C0;&#x9A4;&#x9BF;&#x9AF;&#x9BC; &#x985;&#x9A7;&#x9CD;&#x9AF;&#x9BE;&#x9AF;&#x9BC; -- </subfield>
  </datafield>
  <datafield tag="651" ind1=" " ind2=" ">
    <subfield code="a">&#x9B0;&#x9BE;&#x99C;&#x9B6;&#x9BE;&#x9B9;&#x9C0; (&#x9AC;&#x9BE;&#x982;&#x9B2;&#x9BE;&#x9A6;&#x9C7;&#x9B6;) </subfield>
    <subfield code="x">&#x987;&#x9A4;&#x9BF;&#x9B9;&#x9BE;&#x9B8; </subfield>
    <subfield code="9">117733</subfield>
  </datafield>
  <datafield tag="651" ind1=" " ind2=" ">
    <subfield code="a">Rajshahi (Bangladesh) </subfield>
    <subfield code="x">History </subfield>
    <subfield code="9">117734</subfield>
  </datafield>
  <datafield tag="942" ind1=" " ind2=" ">
    <subfield code="2">ddc</subfield>
    <subfield code="c">BK</subfield>
  </datafield>
  <datafield tag="999" ind1=" " ind2=" ">
    <subfield code="c">55358</subfield>
    <subfield code="d">55358</subfield>
  </datafield>
  <datafield tag="952" ind1=" " ind2=" ">
    <subfield code="0">0</subfield>
    <subfield code="1">0</subfield>
    <subfield code="2">ddc</subfield>
    <subfield code="4">0</subfield>
    <subfield code="7">0</subfield>
    <subfield code="8">NFIC</subfield>
    <subfield code="a">RUCL</subfield>
    <subfield code="b">RUCL</subfield>
    <subfield code="c">Stack</subfield>
    <subfield code="d">1978-04-04</subfield>
    <subfield code="e">Lekhok, Rajshahi</subfield>
    <subfield code="l">0</subfield>
    <subfield code="o">B 954.924 UDN V-1 1975</subfield>
    <subfield code="r">2016-11-16 00:00:00</subfield>
    <subfield code="t">C-2</subfield>
    <subfield code="w">2016-11-16</subfield>
    <subfield code="y">BK</subfield>
  </datafield>
</record>
